Socio-economic status of women in sericulture (Record no. 38038)

000 -LEADER
fixed length control field 00395pab a2200169 454500
008 - FIXED-LENGTH DATA ELEMENTS--GENERAL INFORMATION
fixed length control field 180718b1998 xxu||||| |||| 00| 0 eng d
100 ## - MAIN ENTRY--PERSONAL NAME
Personal name Shobha, V.
245 ## - TITLE STATEMENT
Title Socio-economic status of women in sericulture
260 ## - PUBLICATION, DISTRIBUTION, ETC.
Date of publication, distribution, etc. 1998
300 ## - PHYSICAL DESCRIPTION
Extent p.46-48
362 ## - DATES OF PUBLICATION AND/OR SEQUENTIAL DESIGNATION
Dates of publication and/or sequential designation Jun
650 ## - SUBJECT ADDED ENTRY--TOPICAL TERM
Topical term or geographic name entry element Women workers
700 ## - ADDED ENTRY--PERSONAL NAME
Personal name Jyothi
700 ## - ADDED ENTRY--PERSONAL NAME
Personal name Vimla Devi, V.
773 ## - HOST ITEM ENTRY
Main entry heading Kurukshetra
909 ## -
-- 38038
Holdings
Withdrawn status Lost status Damaged status Not for loan Permanent Location Current Location Date acquired Serial Enumeration / chronology Barcode Date last seen Price effective from Koha item type
        Indian Institute of Public Administration Indian Institute of Public Administration 2018-07-19 Volume no: 46, Issue no: 9 AR38385 2018-07-19 2018-07-19 Articles

Powered by Koha